Online
Catalog

Gregorio Luperón, padre de la segunda república / (Record no. 50123)

MARC details
000 -CABECERA
campo de control de longitud fija 03443nam a2200397 i 4500
003 - IDENTIFICADOR DEL NÚMERO DE CONTROL
campo de control DO-SdBNP
005 - FECHA Y HORA DE LA ÚLTIMA TRANSACCIÓN
campo de control 20250925101039.0
007 - CAMPO FIJO DE DESCRIPCIÓN FÍSICA--INFORMACIÓN GENERAL
campo de control de longitud fija ta
008 - DATOS DE LONGITUD FIJA--INFORMACIÓN GENERAL
campo de control de longitud fija 210715e2018 dr ac||gr|||| 001 0dspa d
020 ## - NÚMERO INTERNACIONAL ESTÁNDAR DEL LIBRO
Número Internacional Estándar del Libro 9781977986863
040 ## - FUENTE DE LA CATALOGACIÓN
Centro catalogador/agencia de origen DO-SdBNP
Lengua de catalogación spa
Centro/agencia transcriptor BNPHU
Normas de descripción rda
041 ## - CÓDIGO DE LENGUA
Código de lengua del texto/banda sonora o título independiente spa
082 #4 - NÚMERO DE LA CLASIFICACIÓN DECIMAL DEWEY
Número de clasificación 923.57293
Número de documento/Ítem L965Z
Número de edición 22
100 1# - ENTRADA PRINCIPAL--NOMBRE DE PERSONA
Nombre de persona Zorrilla Ozuna, Jorge Radhamés,
Término indicativo de función/relación autor
Fechas asociadas al nombre 1953-
Código de función/relación aut.
9 (RLIN) 75654
245 10 - MENCIÓN DE TÍTULO
Título Gregorio Luperón, padre de la segunda república /
Mención de responsabilidad, etc. Jorge Radhamés Zorrilla Ozuna ; diseño y diagramación Ilich Padilla ; cuidado de edición Andrés Blanco Díaz ; prólogo, Efraím Castillo.
250 ## - MENCIÓN DE EDICIÓN
Mención de edición Primera edición
264 #1 - PRODUCCIÓN, PUBLICACIÓN, DISTRIBUCIÓN, FABRICACIÓN Y COPYRIGHT
Producción, publicación, distribución, fabricación y copyright Santo Domingo, República Dominicana :
Nombre del de productor, editor, distribuidor, fabricante Editorial Argos,
Fecha de producción, publicación, distribución, fabricación o copyright 2018.
300 ## - DESCRIPCIÓN FÍSICA
Extensión 347 páginas :
Otras características físicas ilustraciones, retratos ;
Dimensiones 23 cm
336 ## - TIPO DE CONTENIDO
Término de tipo de contenido texto
Código de tipo de contenido txt
Fuente rdacontent
337 ## - TIPO DE MEDIO
Nombre/término del tipo de medio sin mediación
Código del tipo de medio n
Fuente rdamedia
338 ## - TIPO DE SOPORTE
Nombre/término del tipo de soporte volumen
Código del tipo de soporte nc
Fuente rdacarrier
500 ## - NOTA GENERAL
Nota general Incluye datos biográficos del autor en la solapa de la cubierta.
500 ## - NOTA GENERAL
Nota general Incluye himno a Luperón.
500 ## - NOTA GENERAL
Nota general Incluye índice onomástico, p. 333- 346
500 ## - NOTA GENERAL
Nota general Incluye referencias bibliográficas y notas al pie de las páginas
504 ## - NOTA DE BIBLIOGRAFÍA, ETC.
Nota de bibliografía, etc. Bibliografía: p. 327-332
505 ## - NOTA DE CONTENIDO CON FORMATO
Nota de contenido con formato Agradecimientos, 9 -- Prólogo, 11 -- Presentación, 15 -- Marco histórico, 23 -- Duarte, creador de nuestra nacionalidad, 29 -- Luperón, fiel continuador de los ideales duartianos, 43 -- Luperón, primeros años, 53 -- Proceso hacia la Anexión, 57 -- Dos acciones dignas de un hombre cabal, 65 -- Frente a la Anexión, 69 -- La preparación de la guerra en Sabaneta, 73 -- Luperón y la Guerra Restauradora, 75 -- Batalla de Santiago, 77 -- Elección del gobierno provisional, 87 -- Segunda Campaña del Este, 105 -- Luperón después del triunfo restaurador, 131 -- Luperón y el gobierno de Cabral 147 -- Gobierno de los seis años, 157 -- La Guerra de los seis años, 169 -- Ataque del gobierno de González a Luperón, y reacción social, l91 -- Luperón y el Gobierno del repúblico Espaillat, 195 -- Período de inestabilidad 1876-1879, 203 -- Luperón contra Cesáreo Guillermo, 211 -- Inicios del Gobierno de los Diez Meses de Luperón, 215 -- Primeras medidas del gobierno de Luperón, 221 -- Luperón publicita el hallazgo de los restos de Colon, 225 -- Diferendo del gobierno de Luperón con Haití, 229 -- Luperón y el derecho de asilo, 233 -- El caso de los hermanos Maceo, 237 -- Maceo, La Generala y Luperón. Atentado fallido, 241 -- Se agravan las diferencias con España, 247 -- Otros asertos del gobierno provisional de Luperón, 251 -- Rendición de cuentas, 255 -- Convención Nacional, 261 -- La visión patriótica, antillana y antimperialista de Luperón, 265 -- Gobierno del padre Merino, 275 -- Ulises Heureaux presidente, 281 -- Gobierno de Francisco Gregorio Billini, 285 -- Segundo gobierno de Ulises Heureaux, 295 -- Empréstito Westendorp, 299 -- La traición final, 303 -- Apéndice, 317 -- Bibliografía, 327 -- Índice onomástico, 333 -- Himno a Luperón, 343 Colofón 349.
590 ## - NOTA LOCAL (RLIN)
Nota local Inventriado 2021 / MF
600 1# - PUNTO DE ACCESO ADICIONAL DE MATERIA--NOMBRE DE PERSONA
Nombre de persona Luperón, Gregorio,
Fechas asociadas al nombre 1839-1897
9 (RLIN) 888
651 #0 - PUNTO DE ACCESO ADICIONAL DE MATERIA--NOMBRE GEOGRÁFICO
Nombre geográfico República Dominicana
Subdivisión general Historia
Subdivisión cronológica Historia
9 (RLIN) 78065
700 1# - PUNTO DE ACCESO ADICIONAL--NOMBRE DE PERSONA
Nombre de persona Castillo, Efraím,
Fechas asociadas al nombre 1940-
Término indicativo de función/relación prologuista
9 (RLIN) 28022
Código de función/relación pr.
700 1# - PUNTO DE ACCESO ADICIONAL--NOMBRE DE PERSONA
Nombre de persona Padilla, Ilich
Término indicativo de función/relación diagramador
Código de función/relación di.
9 (RLIN) 88182
700 1# - PUNTO DE ACCESO ADICIONAL--NOMBRE DE PERSONA
Nombre de persona Blanco Díaz, Andrés
Código de función/relación ed.
Término indicativo de función/relación editor
9 (RLIN) 172
910 ## - DATOS DE OPCIÓN DEL USUARIO (OCLC)
Datos de opción del usuario MFeliz. Validado. Control de calidad
942 ## - ELEMENTOS DE PUNTO DE ACCESO ADICIONAL (KOHA)
Fuente del sistema de clasificación o colocación Dewey Decimal Classification
Tipo de ítem Koha Libro
Holdings
Estado de retiro Estado de pérdida Fuente del sistema de clasificación o colocación Restricciones de uso No para préstamo Código de colección Localización permanente Ubicación/localización actual Ubicación en estantería Fecha de adquisición Fuente de adquisición Total de préstamos Signatura topográfica completa Código de barras Fecha visto por última vez Precio válido a partir de Tipo de ítem Koha Número de copia
    Dewey Decimal Classification Excluido de préstamo   Patrimonio Dominicano Biblioteca Nacional Pedro Henríquez Ureña Biblioteca Nacional Pedro Henríquez Ureña Depósito 12.09.2018 Depósito legal / Editora Búho   BNPHU PD 923.57293 L965Z 2021-25180 16.07.2021 16.07.2021 Libro  
    Dewey Decimal Classification Excluido de préstamo   Patrimonio Dominicano Biblioteca Nacional Pedro Henríquez Ureña Biblioteca Nacional Pedro Henríquez Ureña Depósito 12.09.2018 Depósito legal / Editora Búho   BNPH PD xxx L965Z 2021-25181 16.07.2021 16.07.2021 Libro e.2
    Dewey Decimal Classification Préstamo en sala   Dominicana de Servicio Biblioteca Nacional Pedro Henríquez Ureña Biblioteca Nacional Pedro Henríquez Ureña En catalogación 20.03.2025 Depósito Legal   BNPHU DS xxx L965Z 2025-3313 10.04.2025 10.04.2025 Libro a.3
    Dewey Decimal Classification Préstamo en sala   Dominicana de Servicio Biblioteca Nacional Pedro Henríquez Ureña Biblioteca Nacional Pedro Henríquez Ureña En catalogación 20.03.2025 Donación   BNPHU DS xxx L965Z 2025-3314 10.04.2025 10.04.2025 Libro a.4
    Dewey Decimal Classification Préstamo en sala   Dominicana de Servicio Biblioteca Nacional Pedro Henríquez Ureña Biblioteca Nacional Pedro Henríquez Ureña En catalogación 20.03.2025 Donación   BNPHU DS xxx L965Z 2025-3315 10.04.2025 10.04.2025 Libro a.5

Powered by Koha